000 00460nam a2200181Ia 4500
001 22706
005 20260414150849.0
008 260414t2004||||xx |||||||||||||| ||spa||
041 _aESP
082 _a621.3845
_bs39
100 _aSendín Escalona, Alberto
_eAUT
245 0 _aFundamentos de los sistemas de comunicaciones móviles
_b
260 _c2004
300 _a628 páginas :
_ccm.
650 _aTCA
654 _aCET
942 _cLIB
_dJUS
_fJUS
_2ddc
_n
999 _c22706
_d22706